000
00310nam a22001457a 4500
020
_a
978-81-7245-120-2
082
_a
500
_b
VEC/H
100
_a
VECCHIONE, GLEN
245
_a
100 AMAZING
260
_a
DELHI
_b
GOODWILL
300
_a
224
520
_a
SCIENCE QUIZ
650
_a
SCIENCE QUIZ
_z
DELHI
942
_c
BK
999
_c
6011
_d
6011